| 000 | 00619cam a2200157 4500 | ||
|---|---|---|---|
| 008 | 011102n2001 000 0 eng u | ||
| 035 | _a(Sirsi) u115468 | ||
| 245 | _aLease or licence | ||
| 260 | _c2001 | ||
| 520 | _aHL 11 October 2001. Held that hotel room was dweling house within the meaning of the Housing Act 1988 s1(1) and was occupied as an assured tenant and not on licence. | ||
| 650 | _aURATEMP VENTURES LTD V COLLINS AND CARRELL | ||
| 650 | _aHOUSING ACT 1988 S1(1) | ||
| 650 | _aDWELLING | ||
| 690 | _aPROPERTY-RESIDENTIAL PROPERTY-RESIDENTIAL LANDLORD AND TENANT-RESIDENTIAL TENANCIES | ||
| 942 | _n0 | ||
| 999 |
_c68774 _d68774 |
||